[Event "Goch op 26th"]
[Site "Goch"]
[Date "2015.09.03"]
[Round "1"]
[White "Stergar, Lothar"]
[Black "Olsen, Filip Boe"]
[Result "0-1"]
[WhiteElo "1867"]
[BlackElo "2307"]
[PlyCount "56"]
[EventDate "2015.09.03"]
[EventType "swiss"]
[EventRounds "7"]
[EventCountry "GER"]
[SourceTitle "EXT 2018"]
[Source "ChessBase"]
[SourceDate "2017.10.13"]
[SourceVersion "1"]
[SourceVersionDate "2017.10.13"]
[SourceQuality "1"]

1. e4 c6 2. d4 d5 3. Nd2 dxe4 4. Nxe4 Bf5 5. Ng3 Bg6 6. Nf3 Nd7 7. h4 h6 8. h5 Bh7 9. Bd3 Bxd3 10. Qxd3 e6 11. Bf4 Qa5+ 12. c3 Ngf6 13. Ne5 Nxe5 14. Bxe5 Nd7 15. Bf4 Be7 16. Ne4 0-0 17. Qg3 Kh8 18. Nd6 c5 19. Nc4 Qb5 20. Qd3 cxd4 21. Qxd4 Bf6 22. Qe4 Nc5 23. Qe2 Na4 24. Ne5 Qxb2 25. Qxb2 Nxb2 26. Ke2 Na4 27. Rh3 Rad8 28. Rah1 Rd5 0-1

[Event "Goch op 25th"]
[Site "Goch"]
[Date "2014.09.04"]
[Round "1"]
[White "Stergar, Lothar"]
[Black "Schulz, Jens"]
[Result "0-1"]
[WhiteElo "1873"]
[BlackElo "2231"]
[PlyCount "46"]
[EventDate "2014.09.04"]
[EventType "swiss"]
[EventRounds "7"]
[EventCountry "GER"]
[SourceTitle "EXT 2016"]
[Source "ChessBase"]
[SourceDate "2015.10.08"]
[SourceVersion "1"]
[SourceVersionDate "2015.10.08"]
[SourceQuality "1"]

1. e4 e5 2. Nf3 Nc6 3. Bb5 a6 4. Ba4 Nf6 5. 0-0 Be7 6. Re1 b5 7. Bb3 d6 8. c3 0-0 9. h3 Nb8 10. d4 Nbd7 11. Bg5 Bb7 12. Nbd2 Re8 13. a4 c5 14. Qe2 c4 15. Bc2 h6 16. Bh4 Nh5 17. Bxe7 Qxe7 18. g3 Nhf6 19. Qe3 Qd8 20. Nh4 Nf8 21. Nf5 Ne6 22. a5 exd4 23. cxd4 Ng5 0-1

[Event "Goch op 24th"]
[Site "Goch"]
[Date "2013.09.08"]
[Round "6"]
[White "Unkrig, Frank"]
[Black "Stergar, Lothar"]
[Result "0-1"]
[WhiteElo "1565"]
[BlackElo "1880"]
[PlyCount "130"]
[EventDate "2013.09.05"]
[EventType "swiss"]
[EventRounds "7"]
[EventCountry "GER"]
[SourceTitle "EXT 2015"]
[Source "ChessBase"]
[SourceDate "2014.11.20"]
[SourceVersion "1"]
[SourceVersionDate "2014.11.20"]
[SourceQuality "1"]

1. d4 Nf6 2. c4 g6 3. Nf3 Bg7 4. Bf4 0-0 5. Nc3 d6 6. e3 Nbd7 7. Be2 c5 8. dxc5 Nxc5 9. b4 Nce4 10. Nxe4 Nxe4 11. Rc1 Bc3+ 12. Rxc3 Nxc3 13. Qa1 Ne4 14. Bh6 Nf6 15. Bxf8 Qxf8 16. 0-0 b6 17. Qd4 Bb7 18. c5 bxc5 19. bxc5 dxc5 20. Qxc5 Ne4 21. Qb4 Nd6 22. Ne5 a5 23. Qb3 a4 24. Qb4 Bd5 25. a3 Qd8 26. Rd1 Ra5 27. Nc4 Bxc4 28. Bxc4 Qa8 29. Be2 Rg5 30. g3 Nf5 31. Qf4 h6 32. h4 e5 33. Qxe5 Nxh4 34. Rd8+ Qxd8 35. Qf4 Qa8 36. Qxh4 Kh7 37. f4 Ra5 38. Qf6 Qa7 39. Kf2 Qc7 40. Qd4 Ra7 41. g4 Qe7 42. Kf3 Ra5 43. Qc3 Qc5 44. Qd3 Qc6+ 45. Kf2 Rc5 46. Bf3 Rc2+ 47. Kg3 Rc3 48. Qd4 Qc7 49. Qxa4 Rxe3 50. Qa8 Qe7 51. a4 Ra3 52. a5 Qc5 53. a6 Qg1+ 54. Kh3 Qf1+ 55. Kg3 Rxa6 56. Qb7 Qg1+ 57. Kh3 Ra7 58. Qd5 Qf1+ 59. Kg3 Qe1+ 60. Kh3 Qa5 61. Qe4 Qc5 62. Qb1 Qe3 63. Kg3 Ra4 64. Qb8 Ra2 65. Qb7 Qf2+ 0-1

[Event "Goch op 24th"]
[Site "Goch"]
[Date "2013.09.07"]
[Round "5"]
[White "Stergar, Lothar"]
[Black "Densing, Gerd"]
[Result "0-1"]
[WhiteElo "1880"]
[BlackElo "1863"]
[PlyCount "70"]
[EventDate "2013.09.05"]
[EventType "swiss"]
[EventRounds "7"]
[EventCountry "GER"]
[SourceTitle "EXT 2015"]
[Source "ChessBase"]
[SourceDate "2014.11.20"]
[SourceVersion "1"]
[SourceVersionDate "2014.11.20"]
[SourceQuality "1"]

1. e4 c5 2. Nf3 a6 3. d4 cxd4 4. Nxd4 e5 5. Nf3 Nf6 6. Bd3 Nc6 7. 0-0 Be7 8. c4 d6 9. Nc3 Bg4 10. h3 Bh5 11. Be2 Rc8 12. Be3 0-0 13. Rc1 Bg6 14. Nd2 Nd7 15. Nd5 f5 16. Nxe7+ Qxe7 17. f3 f4 18. Bf2 Bf7 19. Qe1 Be6 20. Kh2 Kh8 21. Rg1 Nc5 22. a3 a5 23. g4 g5 24. Rh1 Kg7 25. h4 h6 26. Rb1 Na6 27. Nf1 Qf7 28. Nd2 Nc5 29. b4 axb4 30. axb4 Na4 31. c5 dxc5 32. bxc5 Nc3 33. Rb6 Rfd8 34. Bb5 Nd4 35. Bxd4 Rxd4 0-1

[Event "Goch op 20th"]
[Site "Goch"]
[Date "2009.10.02"]
[Round "2"]
[White "Stefkovic, Marijan"]
[Black "Stergar, Lothar"]
[Result "1-0"]
[WhiteElo "2131"]
[BlackElo "1943"]
[PlyCount "49"]
[EventDate "2009.10.01"]
[EventType "swiss"]
[EventRounds "7"]
[EventCountry "GER"]
[SourceTitle "EXT 2011"]
[Source "ChessBase"]
[SourceDate "2010.11.26"]
[SourceVersion "1"]
[SourceVersionDate "2010.11.26"]
[SourceQuality "1"]

1. d4 Nf6 2. g3 g6 3. Bg2 Bg7 4. Nf3 0-0 5. c4 c6 6. Nc3 d5 7. 0-0 Nbd7 8. b3 dxc4 9. bxc4 Nb6 10. Qd3 Be6 11. c5 Bc4 12. Qb1 Nbd5 13. Nxd5 Nxd5 14. Qc2 Ba6 15. Re1 e6 16. Rb1 Qd7 17. e4 Nc7 18. Be3 Nb5 19. Rb4 Rad8 20. Bf1 Qc8 21. a4 Nc7 22. Reb1 Rd7 23. Bh3 Kh8 24. Bf4 f5 25. Bd6 1-0

[Event "Goch op 19th"]
[Site "Goch"]
[Date "2008.10.12"]
[Round "6"]
[White "Herms, Stefan"]
[Black "Stergar, Lothar"]
[Result "0-1"]
[WhiteElo "1692"]
[BlackElo "1959"]
[PlyCount "96"]
[EventDate "2008.10.09"]
[EventType "swiss"]
[EventRounds "7"]
[EventCountry "GER"]
[SourceTitle "EXT 2011"]
[Source "ChessBase"]
[SourceDate "2010.11.26"]
[SourceVersion "1"]
[SourceVersionDate "2010.11.26"]
[SourceQuality "1"]

1. e4 c5 2. Nc3 Nc6 3. g3 Nf6 4. Bg2 g6 5. d3 Bg7 6. Nge2 0-0 7. 0-0 d6 8. h3 Rb8 9. Be3 e5 10. Qd2 Nd4 11. Nd1 Bxh3 12. c3 Nxe2+ 13. Qxe2 Bxg2 14. Kxg2 Qd7 15. f3 Nh5 16. Rh1 f5 17. exf5 Qxf5 18. Nf2 Nf6 19. Rh2 h5 20. Rah1 b6 21. Ne4 Nxe4 22. dxe4 Qe6 23. g4 hxg4 24. fxg4 Rf7 25. Rh3 Rbf8 26. b3 d5 27. Bg1 Rf4 28. exd5 Qxd5+ 29. Kh2 e4 30. Re3 Re8 31. Kh3 Ref8 32. c4 Qe6 33. Rg3 Rf3 34. Bh2 R8f4 35. Kg2 Rxg4 36. Re1 Rfxg3+ 37. Bxg3 Bc3 38. Rh1 Be5 39. Rh3 Rxg3+ 40. Rxg3 Bxg3 41. Kxg3 Qe5+ 42. Kg2 Qf4 43. Qd1 Qg5+ 44. Kf1 e3 45. Qd6 Qf5+ 46. Kg1 Qf2+ 47. Kh1 Qe1+ 48. Kh2 Qd2+ 0-1

[Event "Goch op 19th"]
[Site "Goch"]
[Date "2008.10.09"]
[Round "1"]
[White "Stergar, Lothar"]
[Black "Souleidis, Georgios"]
[Result "0-1"]
[WhiteElo "1959"]
[BlackElo "2440"]
[PlyCount "42"]
[EventDate "2008.10.09"]
[EventType "swiss"]
[EventRounds "7"]
[EventCountry "GER"]
[SourceTitle "EXT 2011"]
[Source "ChessBase"]
[SourceDate "2010.11.26"]
[SourceVersion "1"]
[SourceVersionDate "2010.11.26"]
[SourceQuality "1"]

1. e4 c5 2. Nf3 Nc6 3. d4 cxd4 4. Nxd4 Qb6 5. Nb3 Nf6 6. Nc3 e6 7. Be3 Qc7 8. Be2 Bb4 9. f3 d5 10. exd5 Nxd5 11. Bd2 Nxc3 12. bxc3 Bd6 13. g3 h5 14. f4 h4 15. Kf2 e5 16. Qc1 Bf5 17. Bf3 hxg3+ 18. hxg3 0-0-0 19. Be3 exf4 20. gxf4 Rxh1 21. Bxh1 Rh8 0-1

[Event "Goch op 18th"]
[Site "Goch"]
[Date "2007.10.05"]
[Round "2"]
[White "Stergar, Lothar"]
[Black "Stefkovic, Marijan"]
[Result "0-1"]
[WhiteElo "1966"]
[BlackElo "2140"]
[PlyCount "60"]
[EventDate "2007.10.04"]
[EventType "swiss"]
[EventRounds "7"]
[EventCountry "GER"]
[SourceTitle "EXT 2011"]
[Source "ChessBase"]
[SourceDate "2010.11.26"]
[SourceVersion "1"]
[SourceVersionDate "2010.11.26"]
[SourceQuality "1"]

1. e4 c5 2. Nf3 Nc6 3. d4 cxd4 4. Nxd4 Nf6 5. Nc3 e5 6. Ndb5 d6 7. Bg5 a6 8. Bxf6 gxf6 9. Na3 b5 10. Nd5 f5 11. exf5 Bxf5 12. c3 Bg7 13. Nc2 0-0 14. Nce3 Be6 15. g4 Ne7 16. Bg2 Rb8 17. Qd3 Nxd5 18. Bxd5 b4 19. h4 bxc3 20. bxc3 Bxd5 21. Nxd5 e4 22. Qxa6 Qd7 23. g5 Kh8 24. Qe2 Qc6 25. Qd2 Rb5 26. Rd1 e3 27. fxe3 Rfb8 28. 0-0 Qd7 29. Qg2 Rb2 30. Rf2 Rxf2 0-1

[Event "Goch op 17th"]
[Site "Goch"]
[Date "2006.10.15"]
[Round "7"]
[White "Stergar, Lothar"]
[Black "Weber, Rolf"]
[Result "0-1"]
[WhiteElo "1694"]
[BlackElo "2067"]
[PlyCount "48"]
[EventDate "2006.10.12"]
[EventType "swiss"]
[EventRounds "7"]
[EventCountry "GER"]
[SourceTitle "EXT 2008"]
[Source "ChessBase"]
[SourceDate "2007.11.25"]
[SourceVersion "1"]
[SourceVersionDate "2007.11.25"]
[SourceQuality "1"]

1. e4 e6 2. d4 d5 3. Nd2 Nf6 4. e5 Nfd7 5. Bd3 c5 6. c3 Nc6 7. Ne2 Qb6 8. Nf3 cxd4 9. cxd4 Bb4+ 10. Bd2 f6 11. exf6 Nxf6 12. 0-0 0-0 13. a3 Bd6 14. Qc2 Bd7 15. b4 Rac8 16. Qb1 h6 17. Re1 Rce8 18. Bg6 Re7 19. h3 e5 20. dxe5 Nxe5 21. Nxe5 Bxe5 22. Nc3 Ne4 23. Nxe4 dxe4 24. Be3 Qxg6 0-1

[Event "Goch op 14th"]
[Site "Goch"]
[Date "2003.??.??"]
[Round "1"]
[White "Stergar, Lothar"]
[Black "Fiederling, Wilfried"]
[Result "0-1"]
[WhiteElo "1680"]
[BlackElo "2130"]
[PlyCount "106"]
[EventDate "2003.10.02"]
[EventType "swiss"]
[EventRounds "7"]
[EventCountry "GER"]
[SourceTitle "EXT 2006"]
[Source "ChessBase"]
[SourceDate "2005.11.24"]
[SourceVersion "1"]
[SourceVersionDate "2005.11.24"]
[SourceQuality "1"]

1. e4 c5 2. Nf3 Nc6 3. d4 cxd4 4. Nxd4 g6 5. c4 Nf6 6. Nc3 Nxd4 7. Qxd4 d6 8. Be2 Bg7 9. Be3 0-0 10. Qd2 Qa5 11. f3 Be6 12. 0-0 Rfc8 13. Nd5 Qxd2 14. Bxd2 Bxd5 15. exd5 Nd7 16. Rab1 Bd4+ 17. Kh1 a5 18. f4 Rc7 19. Rf3 Nc5 20. Bc3 Bxc3 21. Rxc3 Kg7 22. Rf1 f5 23. Bf3 Rac8 24. b3 Nd7 25. Re3 Nf6 26. h3 h5 27. Rg1 Kf7 28. a4 Rh8 29. g3 Nd7 30. Rge1 Nc5 31. Kg2 Ra8 32. g4 hxg4 33. hxg4 Rh8 34. Rh1 Rxh1 35. Kxh1 Rc8 36. Kg2 Rh8 37. Kg3 fxg4 38. Bxg4 Rh1 39. Be6+ Kf6 40. Bc8 Rb1 41. Kg4 b6 42. f5 Rxb3 43. Rxb3 Nxb3 44. fxg6 Kxg6 45. Bd7 Kf6 46. Kh5 Nc5 47. Bc6 Ke5 48. Kg6 e6 49. dxe6 Nxe6 50. Bb5 Kd4 51. Kf6 Nc7 52. Ke7 Nxb5 53. cxb5 Kc5 0-1

[Event "Goch op 08th"]
[Site "Goch"]
[Date "1997.10.19"]
[Round "7"]
[White "Stergar, Lothar"]
[Black "Schaefer, Heiko"]
[Result "1/2-1/2"]
[WhiteElo "1738"]
[BlackElo "2042"]
[PlyCount "46"]
[EventDate "1997.10.16"]
[EventType "swiss"]
[EventRounds "7"]
[EventCountry "GER"]
[SourceTitle "EXT 2001"]
[Source "ChessBase"]
[SourceDate "2000.11.22"]
[SourceVersion "1"]
[SourceVersionDate "2000.11.22"]
[SourceQuality "1"]

1. e4 d5 2. exd5 Nf6 3. d4 Bg4 4. Be2 Bxe2 5. Qxe2 Qxd5 6. Nf3 e6 7. 0-0 Nc6 8. c3 0-0-0 9. Bg5 h6 10. Bxf6 gxf6 11. Nbd2 h5 12. b4 h4 13. h3 Bh6 14. Ne4 f5 15. Nc5 Rdg8 16. Nd3 Rh7 17. Nde1 Bf4 18. a4 Ne7 19. c4 Qe4 20. Qxe4 fxe4 21. Ne5 e3 22. N1d3 exf2+ 23. Kxf2 Bg3+ 1/2-1/2

[Event "Goch op 04th"]
[Site "Goch"]
[Date "1993.??.??"]
[Round "4"]
[White "Glaeser, Peter"]
[Black "Stergar, Lothar"]
[Result "1-0"]
[WhiteElo "1845"]
[BlackElo "1670"]
[PlyCount "101"]
[EventDate "1993.10.??"]
[EventType "swiss"]
[EventRounds "7"]
[EventCountry "GER"]
[SourceTitle "EXT 2017"]
[Source "ChessBase"]
[SourceDate "2016.10.25"]
[SourceVersion "1"]
[SourceVersionDate "2016.10.25"]
[SourceQuality "1"]

1. e4 c5 2. Nf3 d6 3. d4 cxd4 4. Nxd4 Nf6 5. Nc3 a6 6. Bg5 e6 7. f4 Be7 8. Qf3 Qc7 9. 0-0-0 0-0 10. g4 Nc6 11. Nde2 Bd7 12. Rg1 b5 13. Bxf6 Bxf6 14. g5 Bxc3 15. Nxc3 b4 16. Ne2 Rfc8 17. Rd2 a5 18. Kb1 a4 19. Rg3 Na5 20. b3 axb3 21. cxb3 Bb5 22. Qh1 Ra6 23. Bh3 Rc6 24. Rg1 Rc2 25. Rc1 Bxe2 26. Rcxc2 Bd3 27. Qg2 Qc3 28. Rxd3 Qxd3 29. Qe2 Qxc2+ 30. Qxc2 Rxc2 31. Kxc2 Nc6 32. Kd3 Kf8 33. Kc4 Ke8 34. Kb5 Kd7 35. Kb6 f6 36. Bf1 Nd4 37. gxf6 gxf6 38. Ka5 Nf3 39. h3 e5 40. f5 Kc6 41. Kxb4 Nd4 42. Bc4 Nf3 43. a4 Kb6 44. a5+ Ka7 45. Bd5 Nd4 46. Ka4 h6 47. b4 Ne2 48. b5 Nf4 49. b6+ Ka6 50. Bc4+ Kb7 51. Kb5 1-0

[Event "Goch op 04th"]
[Site "Goch"]
[Date "1993.??.??"]
[Round "3"]
[White "Stergar, Lothar"]
[Black "Evers, Leo"]
[Result "0-1"]
[WhiteElo "1670"]
[BlackElo "1900"]
[PlyCount "52"]
[EventDate "1993.10.??"]
[EventType "swiss"]
[EventRounds "7"]
[EventCountry "GER"]
[SourceTitle "EXT 2017"]
[Source "ChessBase"]
[SourceDate "2016.10.25"]
[SourceVersion "1"]
[SourceVersionDate "2016.10.25"]
[SourceQuality "1"]

1. e4 g6 2. d4 Bg7 3. Nc3 c6 4. Bc4 Qb6 5. Nf3 d6 6. 0-0 Nf6 7. Re1 0-0 8. Bb3 Bg4 9. h3 Bxf3 10. gxf3 Nh5 11. Be3 Qc7 12. f4 Nd7 13. f5 b5 14. fxg6 hxg6 15. Qd2 Kh7 16. Kh1 b4 17. Ne2 c5 18. c3 a5 19. Rg1 a4 20. Bc2 Nb6 21. b3 Rfc8 22. Rac1 axb3 23. Bxb3 Qb7 24. f3 c4 25. Bd1 Ra3 26. cxb4 Rd3 0-1